[Event "VIE-ch"]
[Site "Hanoi"]
[Date "2024.03.16"]
[Round "9"]
[White "Pham, Huy Duc"]
[Black "Pham, Phu Quang"]
[Result "1-0"]
[WhiteElo "1720"]
[BlackElo "1963"]
[PlyCount "65"]
[EventDate "2024.03.11"]
[EventType "swiss"]
[EventRounds "9"]
[EventCountry "VIE"]
[SourceTitle "CB13_2024"]
[SourceDate "2024.03.27"]
[SourceVersion "1"]
[SourceVersionDate "2024.03.27"]
[SourceQuality "1"]

1. e4 e6 2. d4 d5 3. exd5 exd5 4. Bd3 Nc6 5. c3 Bd6 6. Nf3 Bg4 7. 0-0 Nge7 8. Bg5 Qd7 9. Nbd2 f6 10. Bh4 0-0-0 11. b4 g5 12. Bg3 h5 13. b5 Nb8 14. Qa4 Rdg8 15. Rac1 Bxg3 16. fxg3 h4 17. Qa3 Bf5 18. c4 hxg3 19. hxg3 Re8 20. cxd5 Bxd3 21. d6 Nd5 22. Qxd3 Qxd6 23. Kf2 Ne3 24. Ne4 Ng4+ 25. Kg1 Qe7 26. Rfe1 Nd7 27. d5 f5 28. d6 Qh7 29. Rxc7+ Kd8 30. Nh4 gxh4 31. Qc3 Nb6 32. Rxh7 Rxh7 33. Qd2 1-0

[Event "VIE-ch"]
[Site "Hanoi"]
[Date "2024.03.13"]
[Round "4"]
[White "Mai, Duc Kien"]
[Black "Pham, Phu Quang"]
[Result "1-0"]
[WhiteElo "1632"]
[BlackElo "1963"]
[PlyCount "67"]
[EventDate "2024.03.11"]
[EventType "swiss"]
[EventRounds "9"]
[EventCountry "VIE"]
[SourceTitle "CB13_2024"]
[SourceDate "2024.03.27"]
[SourceVersion "1"]
[SourceVersionDate "2024.03.27"]
[SourceQuality "1"]

1. e4 d6 2. d4 Nf6 3. Bd3 g6 4. c3 Bg7 5. Ne2 0-0 6. 0-0 c5 7. d5 Nbd7 8. Bc2 b5 9. Nd2 Rb8 10. f4 Ba6 11. Nf3 b4 12. Re1 Ne8 13. Bd2 bxc3 14. Bxc3 Bxc3 15. bxc3 Qa5 16. Qd2 Rb2 17. e5 Nb6 18. f5 dxe5 19. Nxe5 Nf6 20. fxg6 fxg6 21. Nc6 Qa4 22. Nxe7+ Kf7 23. Bxg6+ hxg6 24. Qxb2 Kxe7 25. Nd4+ Kf7 26. Ne6 Rc8 27. Ng5+ Kf8 28. d6 Qh4 29. Qd2 Nc4 30. Qe2 Re8 31. d7 Rxe2 32. d8Q+ Kg7 33. Rxe2 Qxg5 34. Re7+ 1-0

[Event "VIE-ch"]
[Site "Hanoi"]
[Date "2024.03.11"]
[Round "2"]
[White "Bui, Quang Huy"]
[Black "Pham, Phu Quang"]
[Result "0-1"]
[WhiteElo "1705"]
[BlackElo "1963"]
[PlyCount "46"]
[EventDate "2024.03.11"]
[EventType "swiss"]
[EventRounds "9"]
[EventCountry "VIE"]
[SourceTitle "CB13_2024"]
[SourceDate "2024.03.27"]
[SourceVersion "1"]
[SourceVersionDate "2024.03.27"]
[SourceQuality "1"]

1. e4 d6 2. d4 Nf6 3. Nc3 g6 4. f4 Bg7 5. Nf3 0-0 6. Bd3 c5 7. dxc5 dxc5 8. 0-0 Nc6 9. Be3 Ng4 10. Qe2 Nxe3 11. Qxe3 Bd4 12. Nxd4 cxd4 13. Qg3 dxc3 14. bxc3 Qa5 15. Rae1 Qxc3 16. e5 Nb4 17. f5 Nxd3 18. cxd3 b6 19. f6 Be6 20. Qg5 exf6 21. Qxf6 Rad8 22. h4 h5 23. Qg5 Rxd3 0-1

[Event "VIE-ch"]
[Site "Hanoi"]
[Date "2024.03.11"]
[Round "1"]
[White "Pham, Phu Quang"]
[Black "Pham, Tran Gia Phuc"]
[Result "0-1"]
[WhiteElo "1963"]
[BlackElo "2410"]
[PlyCount "66"]
[EventDate "2024.03.11"]
[EventType "swiss"]
[EventRounds "9"]
[EventCountry "VIE"]
[SourceTitle "CB13_2024"]
[SourceDate "2024.03.27"]
[SourceVersion "1"]
[SourceVersionDate "2024.03.27"]
[SourceQuality "1"]

1. e4 c5 2. Nf3 d6 3. d4 cxd4 4. Nxd4 Nf6 5. f3 e5 6. Bb5+ Nbd7 7. Nf5 d5 8. exd5 a6 9. Ba4 b5 10. Bb3 Nc5 11. Ne3 Nxb3 12. axb3 Nh5 13. g3 Bc5 14. Nc3 f5 15. d6 Be6 16. Ned5 Bxd6 17. Be3 0-0 18. Qd2 b4 19. Na4 f4 20. Bb6 Qg5 21. g4 e4 22. 0-0-0 e3 23. Qd3 Rac8 24. Qe4 Rfe8 25. h4 Bxd5 26. Rxd5 Rxe4 27. hxg5 Ng3 28. fxe4 Nxh1 29. Rxd6 e2 30. Kd2 Rxc2+ 31. Ke1 Ng3 32. Bf2 Rc1+ 33. Kd2 Rd1+ 0-1

[Event "VIE-ch U20"]
[Site "Hanoi"]
[Date "2022.06.13"]
[Round "4"]
[White "Luu, Huong Cuong Thinh"]
[Black "Pham, Phu Quang"]
[Result "1/2-1/2"]
[WhiteElo "2256"]
[BlackElo "2263"]
[PlyCount "116"]
[EventDate "2022.06.11"]
[EventType "swiss"]
[EventRounds "9"]
[EventCountry "VIE"]
[SourceTitle "EXT 2023"]
[Source "ChessBase"]
[SourceDate "2022.10.05"]
[SourceVersion "1"]
[SourceVersionDate "2022.10.05"]
[SourceQuality "1"]

1. d4 Nf6 2. Nf3 b6 3. Bf4 Bb7 4. Nbd2 g6 5. e3 Bg7 6. Bd3 d6 7. h3 c5 8. c3 0-0 9. Qe2 Nbd7 10. 0-0 Re8 11. e4 e5 12. dxe5 dxe5 13. Bg5 Qc7 14. Ba6 h6 15. Bxf6 Nxf6 16. Bxb7 Qxb7 17. Nh2 Rad8 18. Rfd1 Re7 19. Ng4 Nxg4 20. hxg4 Red7 21. f3 Bf6 22. Nc4 Qa6 23. Rxd7 Rxd7 24. a4 Bg5 25. b3 Rd2 26. Qe1 Rd3 27. Rd1 Bh4 28. Qe2 Rxc3 29. Qd2 Rxc4 30. bxc4 Qxa4 31. Qd3 Qa2 32. Rd2 Qa1+ 33. Rd1 Qa2 34. Rd2 Qa5 35. Kh2 Bg5 36. Re2 Qa1 37. g3 a6 38. Kg2 Qd4 39. Qxd4 exd4 40. f4 Bd8 41. Ra2 b5 42. Rxa6 bxc4 43. Kf3 Kg7 44. Ra4 c3 45. Ke2 g5 46. Kd3 gxf4 47. gxf4 Bc7 48. e5 h5 49. gxh5 Kh6 50. Ra6+ Kxh5 51. Rc6 Bd8 52. f5 Kg5 53. f6 Kf5 54. Rxc5 Bb6 55. e6+ Kxf6 56. Rc6 Bd8 57. exf7+ Kxf7 58. Kxd4 Bf6+ 1/2-1/2

[Event "VIE-ch"]
[Site "Hanoi"]
[Date "2020.10.11"]
[Round "9"]
[White "Nguyen, Huynh Minh Thien"]
[Black "Pham, Phu Quang"]
[Result "1-0"]
[WhiteElo "2040"]
[BlackElo "1973"]
[PlyCount "61"]
[EventDate "2020.10.05"]
[EventType "swiss"]
[EventRounds "9"]
[EventCountry "VIE"]
[SourceTitle "EXT 2022"]
[Source "ChessBase"]
[SourceDate "2021.10.06"]
[SourceVersion "1"]
[SourceVersionDate "2021.10.06"]
[SourceQuality "1"]

1. Nf3 Nf6 2. g3 b6 3. Bg2 Bb7 4. 0-0 g6 5. d4 Bg7 6. c4 0-0 7. Nc3 Ne4 8. Bd2 c5 9. e3 cxd4 10. exd4 Nxc3 11. Bxc3 Qc7 12. Re1 d5 13. Qe2 e6 14. Bb4 Rc8 15. c5 Nc6 16. cxb6 Qxb6 17. Bc5 Nxd4 18. Bxd4 Bxd4 19. Nxd4 Qxd4 20. Rad1 Qb6 21. h4 Ba6 22. Qd2 Rab8 23. b3 Qb4 24. Qg5 h5 25. Rxe6 fxe6 26. Qxg6+ Kh8 27. Qh6+ Kg8 28. Qxe6+ Kg7 29. Rxd5 Rc7 30. Rg5+ Kh7 31. Qg6+ 1-0

[Event "VIE-ch"]
[Site "Hanoi"]
[Date "2020.10.09"]
[Round "7"]
[White "Banh, Gia Huy"]
[Black "Pham, Phu Quang"]
[Result "1-0"]
[WhiteElo "1581"]
[BlackElo "1973"]
[PlyCount "119"]
[EventDate "2020.10.05"]
[EventType "swiss"]
[EventRounds "9"]
[EventCountry "VIE"]
[SourceTitle "EXT 2022"]
[Source "ChessBase"]
[SourceDate "2021.10.06"]
[SourceVersion "1"]
[SourceVersionDate "2021.10.06"]
[SourceQuality "1"]

1. e4 e6 2. d4 d5 3. Nc3 Bb4 4. Nge2 Nf6 5. e5 Ne4 6. a3 Nxc3 7. Nxc3 Bxc3+ 8. bxc3 c5 9. Qg4 g6 10. Bd3 Qa5 11. Bd2 Nc6 12. Qf4 Qa4 13. dxc5 Qa5 14. c4 Qxc5 15. cxd5 exd5 16. 0-0 Be6 17. Rab1 0-0-0 18. Qa4 a6 19. Bg5 Kc7 20. Bxd8+ Rxd8 21. Qb3 Rb8 22. Qb2 h5 23. Kh1 h4 24. h3 g5 25. f4 gxf4 26. Rxf4 Qe3 27. Rf3 Qg5 28. Qc1 Qg7 29. Qf4 Rg8 30. Rf2 Qg5 31. Bf5 Qe7 32. Bxe6 fxe6 33. Qf7 Rg7 34. Qxe7+ Nxe7 35. Rf3 Nf5 36. Rf4 b5 37. a4 Kc6 38. axb5+ axb5 39. Rg4 Rb7 40. Rg6 Kd7 41. Kg1 Rb6 42. Kf2 Rc6 43. Rb2 Rc4 44. Ra2 Rf4+ 45. Kg1 Ng3 46. Ra1 Re4 47. Ra7+ Kc6 48. Rxe6+ Kc5 49. Ra1 Ne2+ 50. Kh2 Nf4 51. Rh6 Re2 52. Rxh4 Nxg2 53. Rh8 Ne3+ 54. Kg3 Nxc2 55. Rc1 Kd4 56. Rd1+ Ke4 57. e6 Nd4 58. Rh4+ Kf5 59. Rhxd4 Kxe6 60. Rxd5 1-0

[Event "VIE-ch"]
[Site "Hanoi"]
[Date "2020.10.08"]
[Round "5"]
[White "Tong, Thai Hung"]
[Black "Pham, Phu Quang"]
[Result "1/2-1/2"]
[WhiteElo "2190"]
[BlackElo "1973"]
[PlyCount "55"]
[EventDate "2020.10.05"]
[EventType "swiss"]
[EventRounds "9"]
[EventCountry "VIE"]
[SourceTitle "EXT 2022"]
[Source "ChessBase"]
[SourceDate "2021.10.06"]
[SourceVersion "1"]
[SourceVersionDate "2021.10.06"]
[SourceQuality "1"]

1. d4 Nf6 2. c4 e6 3. g3 Bb4+ 4. Bd2 Be7 5. Bg2 d5 6. Nf3 0-0 7. 0-0 c6 8. Qb3 b6 9. Nc3 Ba6 10. cxd5 cxd5 11. Rfc1 Nc6 12. Nb5 Qd7 13. a4 Rfc8 14. e3 Ne4 15. Be1 Nd6 16. Bf1 Bb7 17. Rc2 Ne4 18. Rac1 a6 19. Na3 Bxa3 20. bxa3 b5 21. Bb4 Nxb4 22. Qxb4 a5 23. Qe1 bxa4 24. Ne5 Qe8 25. Rxc8 Rxc8 26. Rxc8 Qxc8 27. Qxa5 h6 28. h4 1/2-1/2

[Event "VIE-ch"]
[Site "Hanoi"]
[Date "2020.10.06"]
[Round "2"]
[White "Pham, Phu Quang"]
[Black "Nguyen, Minh Chi Thien"]
[Result "1-0"]
[WhiteElo "1973"]
[BlackElo "1287"]
[PlyCount "60"]
[EventDate "2020.10.05"]
[EventType "swiss"]
[EventRounds "9"]
[EventCountry "VIE"]
[SourceTitle "EXT 2022"]
[Source "ChessBase"]
[SourceDate "2021.10.06"]
[SourceVersion "1"]
[SourceVersionDate "2021.10.06"]
[SourceQuality "1"]

1. d4 d5 2. c4 c6 3. Nc3 Nf6 4. Bf4 Bf5 5. Qb3 Qb6 6. c5 Qxb3 7. axb3 Na6 8. e3 Nb4 9. Kd2 Kd7 10. Ra4 a5 11. Nf3 Ng4 12. Bg3 Kc8 13. Be2 b6 14. cxb6 Kb7 15. Rha1 Nc2 16. Rc1 Nb4 17. h3 Nf6 18. Ne5 Kxb6 19. Rxb4+ axb4 20. Na4+ Kb7 21. f3 Nd7 22. Nxc6 e6 23. Na5+ Rxa5 24. Rc7+ Ka8 25. Rxd7 Rxa4 26. bxa4 b3 27. Kc3 e5 28. Rxd5 Be7 29. Rxe5 Be6 30. Ra5+ Kb7 1-0

[Event "VIE-ch U17"]
[Site "Hanoi"]
[Date "2020.??.??"]
[Round "1"]
[White "Pham, Phu Quang"]
[Black "Nguyen, Minh Chi Thien"]
[Result "1-0"]
[WhiteElo "1973"]
[BlackElo "1287"]
[PlyCount "95"]
[EventDate "2020.10.22"]
[EventType "tourn"]
[EventRounds "9"]
[EventCountry "VIE"]
[SourceTitle "EXT 2022"]
[Source "ChessBase"]
[SourceDate "2021.10.06"]
[SourceVersion "1"]
[SourceVersionDate "2021.10.06"]
[SourceQuality "1"]

1. d4 d5 2. c4 c6 3. Nc3 Nf6 4. cxd5 cxd5 5. Bf4 Nc6 6. e3 Bf5 7. Qb3 Qd7 8. Nf3 a6 9. Ne5 Nxe5 10. dxe5 Ne4 11. Na4 Qc6 12. f3 b5 13. fxe4 bxa4 14. exd5 axb3 15. dxc6 Be4 16. c7 e6 17. Bxa6 Bb4+ 18. Kf2 Kd7 19. axb3 Kxc7 20. Ra4 Rhb8 21. Rc1+ Kd7 22. Rd1+ Ke7 23. Bg5+ f6 24. Bf4 f5 25. Bg5+ Ke8 26. Bc4 Rxa4 27. bxa4 Ba5 28. b3 h6 29. Bf4 Ke7 30. Rd6 Rb6 31. h4 Rxd6 32. exd6+ Kd7 33. h5 Bc3 34. Bb5+ Bc6 35. Bxc6+ Kxc6 36. e4 fxe4 37. Ke3 e5 38. Bg3 Kxd6 39. Kxe4 Ke6 40. Bf2 Kd6 41. Kd3 Ba5 42. Kc4 Bd2 43. Bc5+ Kc6 44. Bb4 Be3 45. Bc3 Bf4 46. b4 Kb6 47. Kd5 Bg3 48. Bxe5 1-0

[Event "VIE-chT"]
[Site "Ho Chi Minh City"]
[Date "2019.09.28"]
[Round "4.23"]
[White "Phung, Duc Anh"]
[Black "Pham, Phu Quang"]
[Result "1/2-1/2"]
[WhiteElo "1914"]
[BlackElo "1973"]
[PlyCount "56"]
[EventDate "2019.09.26"]
[EventType "team-swiss"]
[EventRounds "9"]
[EventCountry "VIE"]
[SourceTitle "EXT 2020"]
[Source "ChessBase"]
[SourceDate "2019.10.17"]
[SourceVersion "1"]
[SourceVersionDate "2019.10.17"]
[SourceQuality "1"]

1. e4 e6 2. d4 d5 3. e5 c5 4. c3 Nc6 5. Nf3 Qb6 6. Bd3 cxd4 7. cxd4 Bd7 8. 0-0 Nxd4 9. Nxd4 Qxd4 10. Nc3 Qb6 11. Kh1 g6 12. Qe2 a6 13. f4 h5 14. Be3 Bc5 15. Bxc5 Qxc5 16. Rac1 Qb6 17. f5 gxf5 18. Bxf5 exf5 19. Nxd5 Qd8 20. Nc7+ Kf8 21. Nxa8 Qxa8 22. Qd2 Be6 23. Rc7 Rh6 24. Rf3 Rg6 25. Rg3 Rxg3 26. Qd6+ Ke8 27. hxg3 b5 28. Rc6 Ne7 1/2-1/2

[Event "VIE-ch"]
[Site "Ho Chi Minh City"]
[Date "2019.05.05"]
[Round "3"]
[White "Pham, Phu Quang"]
[Black "Duong, Thuong Cong"]
[Result "1-0"]
[WhiteElo "1957"]
[BlackElo "2007"]
[PlyCount "21"]
[EventDate "2019.05.02"]
[EventType "swiss"]
[EventRounds "9"]
[EventCountry "VIE"]
[SourceTitle "CBM 190 Extra"]
[Source "ChessBase"]
[SourceDate "2019.07.15"]
[SourceVersion "1"]
[SourceVersionDate "2019.07.15"]
[SourceQuality "1"]

1. e4 e5 2. Nf3 d6 3. Bc4 c6 4. d4 Nd7 5. dxe5 dxe5 6. 0-0 Be7 7. Ng5 Nh6 8. Ne6 fxe6 9. Bxh6 gxh6 10. Qh5+ Kf8 11. Bxe6 1-0

[Event "VIE-chT"]
[Site "Ho Chi Minh City"]
[Date "2017.07.28"]
[Round "7.32"]
[White "Huynh, Quoc An"]
[Black "Pham, Phu Quang"]
[Result "0-1"]
[WhiteElo "2036"]
[BlackElo "2003"]
[PlyCount "56"]
[EventDate "2017.07.24"]
[EventType "team-swiss"]
[EventRounds "9"]
[EventCountry "VIE"]
[SourceTitle "EXT 2019"]
[Source "ChessBase"]
[SourceDate "2018.10.10"]
[SourceVersion "1"]
[SourceVersionDate "2018.10.10"]
[SourceQuality "1"]

1. e4 e5 2. Nf3 Nf6 3. Nxe5 d6 4. Nf3 Nxe4 5. d4 d5 6. Be3 Bf5 7. c3 Bd6 8. Bd3 0-0 9. 0-0 Nd7 10. Re1 c6 11. Bg5 Qc7 12. h3 h6 13. Be3 Rfe8 14. Bxe4 dxe4 15. Nfd2 Nf6 16. Nc4 Bh2+ 17. Kh1 b5 18. Ncd2 Bd6 19. g4 Bd7 20. Rg1 Bf4 21. Qe2 Nd5 22. Na3 Qd8 23. Kg2 Qh4 24. Rh1 Nxe3+ 25. fxe3 Qg3+ 26. Kf1 Bxe3 27. Re1 Qf4+ 28. Kg2 Bxd2 0-1

[Event "VIE-chT"]
[Site "Ho Chi Minh City"]
[Date "2017.07.25"]
[Round "3.33"]
[White "Pham, Phu Quang"]
[Black "Vu, Thi Dieu Uyen"]
[Result "1-0"]
[WhiteElo "2003"]
[BlackElo "1691"]
[PlyCount "57"]
[EventDate "2017.07.24"]
[EventType "team-swiss"]
[EventRounds "9"]
[EventCountry "VIE"]
[SourceTitle "EXT 2019"]
[Source "ChessBase"]
[SourceDate "2018.10.10"]
[SourceVersion "1"]
[SourceVersionDate "2018.10.10"]
[SourceQuality "1"]

1. e4 c5 2. Nf3 Nc6 3. Bb5 g6 4. 0-0 Bg7 5. c3 d6 6. d4 cxd4 7. cxd4 Bd7 8. Re1 Nf6 9. Nc3 0-0 10. h3 a6 11. Bf1 Ne8 12. Be3 Nc7 13. d5 Ne5 14. Nxe5 Bxe5 15. f4 Bg7 16. Bb6 Rc8 17. e5 dxe5 18. fxe5 Qe8 19. d6 Ne6 20. Nd5 exd6 21. exd6 Kh8 22. Ne7 Ra8 23. Bc4 h6 24. Qb3 Kh7 25. Rac1 Rh8 26. Bxe6 Bxe6 27. Rxe6 fxe6 28. Qxe6 Bxb2 29. d7 1-0